000 01008cam a2200253 4500
001 ABS64835
008 011203n2001 000 0 eng u
035 _a(Sirsi) u115815
100 _aBailey, A.
245 _aAspects of land ownership
260 _c2001
490 _aFarmland Market
_v(56) Autumn 2001, 18-19(2)
520 _aA selection of some of the recent developments in the law affecting the farmland market. Highlights probate valuation - a valuation for inheritance tax purposes; pre-entry - the practice of allowing the prospective tenant, purchaser onto arable land to carry out cultivations before the contract is completed; chancel repair liability and how to go about finding out if a building is listed.
590 _aABS
650 _aFARMLAND MARKET
650 _aPROBATE VALUATION
650 _aINHERITANCE TAX
650 _aPRE-ENTRY
650 _aCHANCE REPAIR LIABILITY
650 _aLISTED BUILDINGS
690 _aRURAL
_96268
700 _aSwift, R.
942 _n0
999 _c68985
_d68985